| 000 | 01635nam0a2200373 4500 | ||
|---|---|---|---|
| 001 | RU\NLR\bibl\313413 | ||
| 005 | 20250621141102.0 | ||
| 010 |
_a5-94251-007-5 _9200 |
||
| 021 |
_aRU _b2002-30184 _91498 |
||
| 035 | _a(NLR Aleph) 000308516 | ||
| 090 |
_a26845 _c26845 |
||
| 100 | _a20020925d2002 |||y0rusy50 ca | ||
| 101 | 0 | _arus | |
| 102 | _aRU | ||
| 105 | _aca ||||||||| | ||
| 200 | 1 |
_aКороли воздуха _eСтраницы воспоминаний _fВ.К. Кузнецов |
|
| 210 |
_aКалуга _cГриф _d2002 |
||
| 215 |
_a24, [2] с. _cил., портр. _d20 |
||
| 606 | 0 |
_aБомбардировочная авиация в Великой Отечественной войне _jВоспоминания, записки и т.п. _z1941 - 1945 _91199364 _3RU\NLR\auth\66167199 |
|
| 606 | 0 |
_aБомбардировочная авиация _jВоспоминания, записки и т.п. _xИстория _yСССР _z1941 - 1945 _92228058 _3RU\NLR\auth\661337449 |
|
| 610 | 0 | _aЛетчики в Великой Отечественной войне 1941-1945 гг. | |
| 610 | 0 | _aАвиация бомбардировочная в Великой Отечественной войне 1941-1945 гг. | |
| 675 |
_a355.489(47+57)<1941/1945>(093.3) _v3 _zrus |
||
| 686 |
_a63.3(2)622.78 _2rubbk |
||
| 686 | _aЦ35(2)722-65,013 | ||
| 700 | 1 |
_aКузнецов _bВ. К. _gВасилий Кириллович _4070 |
|
| 801 | 0 |
_aRU _bRKP _c20020925 _gPSBO |
|
| 801 | 1 |
_aRU _bRKP _c20020925 |
|
| 801 | 2 |
_aRU _bNLR _c20021019 _grcr |
|
| 942 | _cBOOK | ||
| 980 | _aNB | ||
| 980 | _aNBR | ||